书目信息 |
| 题名: |
北宋经略河湟吐蕃民族政策研究
|
|
| 作者: | 杨文 著 | |
| 分册: | ||
| 出版信息: | 北京 中国文史出版社 2013 |
|
| 页数: | 335页 | |
| 开本: | 24cm | |
| 丛书名: | ||
| 单 册: | ||
| 中图分类: | D691.72 | |
| 科图分类: | ||
| 主题词: | 吐蕃--Tu Fan--民族政策--研究--中国--北宋 | |
| 电子资源: | ||
| ISBN: | 978-7-5034-3966-7 | |
| 000 | 01026nam0 22002411 450 | |
| 001 | 350831 | |
| 005 | 20161011143009.39 | |
| 010 | @a978-7-5034-3966-7@dCNY65.00 | |
| 100 | @a20131225d2013 em y0chiy50 ea | |
| 101 | 0 | @achi |
| 102 | @aCN@b110000 | |
| 105 | @ay z 000yy | |
| 106 | @ar | |
| 200 | 1 | @a北宋经略河湟吐蕃民族政策研究@ABei Song Jing Lue He Huang Tu Fan Min Zu Zheng Ce Yan Jiu@f杨文著 |
| 210 | @a北京@c中国文史出版社@d2013 | |
| 215 | @a335页@d24cm | |
| 300 | @a甘肃省高校研究生导师项目 甘肃民族师范学院专业特色选修课程教材资助项目 | |
| 330 | @a本书从多学科的视角,探讨北宋经略河湟区域的民族政策,进而探讨北宋国家政策与河湟区域民族政策的关系。北宋国家实施的河湟区域民族政策来看,是与当时宋、夏、辽、吐蕃的关系发展与时俱进的,反映了北宋国家内部政治、经济、文化、军事等各方面政策的变化与河湟民族区域社会的变迁。 | |
| 606 | 0 | @a吐蕃@ATu Fan@x民族政策@x研究@y中国@z北宋 |
| 690 | @aD691.72@v5 | |
| 701 | 0 | @a杨文@AYang Wen@f(1966~)@4著 |
| 801 | 0 | @aCN@bTANGWEI@c20160808 |
| 905 | @b0892000-4@dD691.72@e211@f5 | |
| 北宋经略河湟吐蕃民族政策研究/杨文著.-北京:中国文史出版社,2013 |
| 335页;24cm |
| 甘肃省高校研究生导师项目 甘肃民族师范学院专业特色选修课程教材资助项目 |
| ISBN 978-7-5034-3966-7:CNY65.00 |
| 本书从多学科的视角,探讨北宋经略河湟区域的民族政策,进而探讨北宋国家政策与河湟区域民族政策的关系。北宋国家实施的河湟区域民族政策来看,是与当时宋、夏、辽、吐蕃的关系发展与时俱进的,反映了北宋国家内部政治、经济、文化、军事等各方面政策的变化与河湟民族区域社会的变迁。 |
| ● |
| 相关链接 |
|
|
|
|
正题名:北宋经略河湟吐蕃民族政策研究
索取号:D691.72/211
 
预约/预借
| 序号 | 登录号 | 条形码 | 馆藏地/架位号 | 状态 | 备注 |
| 1 | 0892000 | 208920006 | 第一样本阅览室/ [索取号:D691.72/211] | 在馆 | |
| 2 | 0892001 | 208920015 | 第一借阅区/ [索取号:D691.72/211] | 在馆 | |
| 3 | 0892002 | 208920024 | 第一借阅区/ [索取号:D691.72/211] | 在馆 | |
| 4 | 0892003 | 208920033 | 第一借阅区/ [索取号:D691.72/211] | 在馆 | |
| 5 | 0892004 | 208920042 | 第一借阅区/ [索取号:D691.72/211] | 在馆 |